Daň z přidané hodnoty po novele Úplné znění zákona s vysvětlivkami
K novele zákona o dani z pridanej hodnoty. Zákon č. 588/1992 Zb., o dani z pridanej hodnoty, v znení neskorších predpisov. Otázky a odpovede k novele zákona o dani z pridanej hodnoty.
Enregistré dans:
| Auteur principal: | |
|---|---|
| Format: | Chapitre de livre |
| Langue: | tchèque |
| Sujets: | |
| Tags: |
Pas de tags, Soyez le premier à ajouter un tag!
|
MARC
| LEADER | 00000naa a2200000 4500 | ||
|---|---|---|---|
| 001 | r014580 | ||
| 005 | 20221213081848.0 | ||
| 041 | 0 | |a cze | |
| 044 | |a CZ | ||
| 245 | 1 | 0 | |a Daň z přidané hodnoty po novele |b Úplné znění zákona s vysvětlivkami |c J. Klak |
| 520 | |a K novele zákona o dani z pridanej hodnoty. Zákon č. 588/1992 Zb., o dani z pridanej hodnoty, v znení neskorších predpisov. Otázky a odpovede k novele zákona o dani z pridanej hodnoty. | ||
| 610 | 2 | 0 | |a dane z hodnoty pridanej |
| 610 | 2 | 0 | |a zákony |
| 610 | 2 | 0 | |a 1992 |
| 610 | 2 | 0 | |a 1993 |
| 100 | 1 | |a Klak, J. | |